Albanian women - Statistics

General Stats
  • This quiz has been taken 78 times
  • The average score is 3 of 12
Answer Stats
Picture Hint Answer % Correct
Catholic nun Anjezë Gonxhe Bojaxhiu/Mother Teresa
94%
Queen Queen Teuta
69%
Kaçak rebel Shote Galica
46%
Singer Nexhmije Pagarusha
39%
Writer Musine Kokalari
27%
Soprano Tefta Tashko-Koço
20%
Teacher Sevasti Qiriazi
17%
Writer Elena Gjika/Dora d'Istria
11%
Guerillera Tringë Smajli
6%
Suffragist Shaqe Çoba
4%
Writer Urani Rambo
3%
Lawyer Erifili Bezhani
1%
No matching quizzes found
Score Distribution
Percent of People with Each Score
Percentile by Number Answered
Your Score History
You have not taken this quiz